Normal view
MARC view
- Shim, Jae K / Siegel, Joel G
Entry Personal Name
001 - CONTROL NUMBER
- control field: 3209
003 - CONTROL NUMBER IDENTIFIER
- control field: JO-AjAnu
005 - DATE AND TIME OF LATEST TRANSACTION
- control field: 20230606070829.0
008 - FIXED-LENGTH DATA ELEMENTS
- fixed length control field: 230606|| aca||aabn | a|a d
040 ## - CATALOGING SOURCE
- Original cataloging agency: JO-AjAnu
- Transcribing agency: JO-AjAnu
100 ## - HEADING--PERSONAL NAME
- Personal name: Shim, Jae K / Siegel, Joel G
670 ## - SOURCE DATA FOUND
- Source citation: Work cat.: (JO-AjAnu)1680: Shim, Jae K / Siegel, Joel G, author, Schaum's Outline of Theory and Problems of Managerial Accounting